[Event "Hengelo U14 op"]
[Site "Hengelo"]
[Date "2005.08.11"]
[Round "6"]
[White "Hagner, Alexander"]
[Black "Dijkstra, Wouter"]
[Result "0-1"]
[WhiteElo "1180"]
[BlackElo "1185"]
[PlyCount "56"]
[EventDate "2005.08.??"]
[EventType "swiss"]
[EventRounds "9"]
[EventCountry "NED"]
[SourceTitle "CBM 107 Extra"]
[Source "ChessBase"]
[SourceDate "2005.09.01"]
[SourceVersion "1"]
[SourceVersionDate "2005.09.01"]
[SourceQuality "1"]

1. e4 e5 2. f4 d6 3. Nf3 Nc6 4. Bb5 exf4 5. d4 Bd7 6. Bxf4 a6 7. Bxc6 Bxc6 8. Nc3 Nf6 9. d5 Bd7 10. 0-0 c6 11. Re1 Qb6+ 12. Kh1 0-0-0 13. Na4 Qa5 14. c4 cxd5 15. cxd5 Bxa4 16. Rc1+ Kb8 17. b3 Bd7 18. a4 h6 19. Qc2 Rc8 20. Qb1 Rxc1 21. Rxc1 g5 22. Bg3 Qb6 23. Qc2 Bg7 24. Qd3 Nh5 25. Be1 Nf4 26. Qc2 Bg4 27. a5 Qd8 28. Nd4 Bxd4 0-1